000 02022cam a2200385 i 4500
001 768714001
003 CO-MdFUSB
005 20220325155854.0
007 ta
008 910506t1992 enk b 000 0 eng
020 _a0521425549
040 _aDLC
_beng
_cCO-MdFUSB
_dWEA
_dUKM
_dOrLoB-B
_erda
041 _aeng
082 _223
_a801.95
_bEC19
100 1 _aEco, Umberto.
_eautor
245 1 0 _aInterpretation and overinterpretation /
_cUmberto Eco , Richard Rorty, Jonathan Culler, Christine Brooke-Rose ; editado por Stefan Collini.
264 1 _aCambridge ;
_aNew York :
_bCambridge University Press,
_c[1992]
264 4 _c© 1992
300 _a151 páginas ;
_c23 cm.
336 _atexto
_btxt
_2rdacontent.
337 _asin mediación
_bn
_2rdamedia.
338 _avolumen
_bnc
_2rdacarrier.
504 _aIncluye referencias bibliográficas.
505 _aIntroducción: interpretación terminable e interminable / Stefan Collini - Interpretación e historia; Sobreinterpretación de textos; Entre autor y texto / Umberto Eco -- El progreso del pragmatista / Richard Rorty -- En defensa de la sobreinterpretación / Jonathan Culler -- Historia del palimpsesto / Christine Brooke-Rose -- Reply / Umberto Eco.
520 1 _aUmberto Eco, novelista de éxito internacional y destacado teórico literario, reúne aquí estos dos papeles en un debate provocador sobre la controvertida cuestión de la interpretación literaria. Los límites de la interpretación -lo que realmente se puede decir que significa un texto- son de doble interés para un semiótico cuya intrigante complejidad de sus propias novelas ha provocado en sus lectores una intensa especulación sobre su significado.
563 _aRústico
650 7 _aCriticismo
_9614
700 _aRorty, Richard,
_96354
_eautor
700 _aCuller, Jonathan.,
_96355
_eautor
700 _aBrooke-Rose, Christine,
_96356
_eautor
700 1 _aCollini, Stefan,
_d1947-
_eeditor
942 _cBK
945 _aJTF-925
999 _c67540
_d67540